000 01115nam a22002897a 4500
999 _c5339
_d5339
003 AR-CdUCM
008 190312b ||||| |||| 00| 0 fre d
020 _a978-603-45092-2-1
040 _aMUNICIPALIDAD PROVINCIAL DEL CUSCO
_cBIBLIOTECA MUNICIPAL DEL CUSCO
082 _a398.209856 /
_bEL43
100 _aElorrieta Salazar, Fernando
_916120
245 _aCusco et la vallée sacrée des Incas /
260 _aCusco :
_bALKAMARI,
_c2011.
300 _a160 páginas ;
_bfotografías ;
_c24 cm.
500 _aTraducción de: "Cusco y el valle sagrado de los Incas" Texto en francés.
505 _aContenido : L´homme -- L´origine de la ville de Cusco -- Le Qoricancha -- Sacsayhuaman -- La vallee sacrée des incas ...
650 _aTexto en francés
_916121
650 _aMitología peruana
_99864
650 _a Santuario Histórico de Machu Picchu
_96214
650 _aCusco
_9772
650 _aDescripciones y viajes
_9497
650 _aMitos y leyendas
_94206
700 _aElorrieta Salazar, Edgar
_916122
700 _aGiraud, Christine (traductor)
_916123
942 _2ddc
_cLIBROS
945 _azta